| 000 | 00936cad a22002055a 4500 | ||
|---|---|---|---|
| 001 | L152015 | ||
| 008 | 110121s2011 xxk f 000 0 eng d | ||
| 035 | _a(Sirsi) u152015 | ||
| 041 | 0 | _aeng | |
| 050 | 0 | 4 | _a333.33 $2 18 |
| 110 | 2 |
_aLloyds Banking Group _95822 |
|
| 245 | 0 | 0 |
_aHalifax house price index _bDecember 2010 _h[electronic resource] |
| 260 |
_aLondon _bLloydsbankinggroup _c2011 |
||
| 520 | _aUnited Kingdom house prices decreased by 1.3% in December 2010 but prices in the three months to December were 0.9% lower than in the preceding three months. Forecasts limited movement in house prices during 2011 but with the risks on the downside. | ||
| 590 | _aKA | ||
| 651 | 4 |
_aUnited Kingdom _y |
|
| 690 | _aPROPERTY-RESIDENTIAL PROPERTY-RESIDENTIAL PROPERTY MARKET | ||
| 856 | 4 | 0 |
_uhttps://www.lloydsbankinggroup.com/media1/research/halifax_hpi.asp _zView this item free of charge at www.lloydsbankinggroup.com |
| 942 | _n0 | ||
| 999 |
_c111798 _d111798 |
||